Psychology : (Record no. 27447)

MARC details
000 -LEADER
fixed length control field 00702cam a22002295a 4500
005 - DATE AND TIME OF LATEST TRANSACTION
control field 20190518092824.0
008 - FIXED-LENGTH DATA ELEMENTS--GENERAL INFORMATION
fixed length control field 920413t1993 njua frb 001 0 eng d
020 ## - INTERNATIONAL STANDARD BOOK NUMBER
International Standard Book Number 0137354657
020 ## - INTERNATIONAL STANDARD BOOK NUMBER
International Standard Book Number 9780137354658
040 ## - CATALOGING SOURCE
Original cataloging agency DLC
Language of cataloging eng
Transcribing agency DLC
Modifying agency DLC
-- EG-ScBUE
-- EG-ScBUE
082 04 - DEWEY DECIMAL CLASSIFICATION NUMBER
Classification number 150
Item number MOR
Edition number 22
100 1# - MAIN ENTRY--PERSONAL NAME
Personal name Morris, Charles G.
245 10 - TITLE STATEMENT
Title Psychology :
Remainder of title an introduction /
Statement of responsibility, etc Charles G. Morris.
250 ## - EDITION STATEMENT
Edition statement 8th ed.
260 ## - PUBLICATION, DISTRIBUTION, ETC. (IMPRINT)
Place of publication, distribution, etc Englewood Cliffs, N.J. :
Name of publisher, distributor, etc Prentice Hall,
Date of publication, distribution, etc c.1993.
300 ## - PHYSICAL DESCRIPTION
Extent xx, 759 p. :
Other physical details ill. (some col.) ;
Dimensions 28 cm.
504 ## - BIBLIOGRAPHY, ETC. NOTE
Bibliography, etc Includes bibliographical references and index.
650 #7 - SUBJECT ADDED ENTRY--TOPICAL TERM
Topical term or geographic name as entry element Psychology.
Source of heading or term BUEsh
651 ## - SUBJECT ADDED ENTRY--GEOGRAPHIC NAME
Source of heading or term BUEsh
653 ## - INDEX TERM--UNCONTROLLED
Resource For college Humanities: Psychology
Arrived date list May2019
942 ## - ADDED ENTRY ELEMENTS (KOHA)
Source of classification or shelving scheme Dewey Decimal Classification
Holdings
Withdrawn status Item status Source of classification or shelving scheme Damaged status Not for loan Vendor Home library Current library Shelving location Date acquired Source of acquisition Total Checkouts Total Renewals Full call number Barcode Date last seen Date last borrowed Koha item type
    Dewey Decimal Classification     unknown Central Library Central Library Lower Floor 12/05/2019 Donation 2 1 150 MOR 000043506 15/07/2025 24/11/2020 Book - Borrowing